000 00614cam a22001815a 4500
001 L157643
008 130220s1891 xxk f 000 0 eng d
035 _a(Sirsi) u157643
041 0 _aeng
100 1 _aStone, Percy Goddard
245 0 4 _aThe architectural antiquities of the Isle of Wight from the 11th to the 17th centuries inclusive
_bPart 2 The West Medine
260 _aLondon
_bthe author
_c1891
300 _a206 p., plates
_bill., maps, plans
_c38 x 28.5 cm
583 _aCondition reviewed
_c20120620
_lcondition level 4
651 4 _aIsle of Wight
690 _aDesign and specification
942 _n0
999 _c114890
_d114890